| 000 | 01378nam a2200361 a 4500 | ||
|---|---|---|---|
| 999 |
_c483998 _d483998 |
||
| 003 | BLK | ||
| 005 | 20250512112244.0 | ||
| 008 | 180409b bul|||||r ||||||| ||bul|| | ||
| 010 | _aKNG00123451000 | ||
| 020 | _a9789547714311 | ||
| 040 | _aBLK | ||
| 041 |
_aBUL _cBUL |
||
| 080 |
_b502 _x(02.053.2) _z502(02.053.2) |
||
| 100 |
_aУаймън, Мат _eпърви автор _91299 |
||
| 139 |
_aУаймън, Мат _bУ 13 |
||
| 245 | 1 | 0 |
_aНашата планета _bМястото, което всички наричаме свой дом _cМат Уаймън; предг. Дейвид Атънбъро; ил. Ричардж Джоунс; прев. Йордан Петров. |
| 257 | _aBGR | ||
| 260 |
_aСофия _bКръгозор _c2021 |
||
| 300 |
_a93 с. _bс цв. ил. _c35 см |
||
| 380 | _aDN | ||
| 500 | _aОриг. загл. : Our Planet / Matt Whyman. | ||
| 650 | 7 |
_aПрирода - опазване _9167843 |
|
| 653 | 7 |
_aЗемя _9186978 |
|
| 659 | _aН | ||
| 700 | 1 |
_aАтънбъроу, Дейвид _eпредг. от _934784 |
|
| 700 | 1 |
_aПетров, Йордан Петров _eпрев. _9313181 |
|
| 700 |
_aДжоунс, Ричард _eил. _9599 |
||
| 856 | 4 |
_qpdf _i0.00 _ldisable |
|
| 856 | 4 |
_qpdf _i0.00 _ldisable |
|
| 942 |
_cKNG _n0 _s1 _033 |
||
| 944 |
_c2022-12-05 _lБояна Костадинова _k30551 |
||
| 999 | _d483998 | ||